Loreto College Library, Kolkata
WEBOPAC (ONLINE PUBLIC ACCESS CATALOGUE)

Anthology of Candian poetry (Record no. 12140)

MARC details
000 -LEADER
fixed length control field 00576nam a2200205Ia 4500
005 - DATE AND TIME OF LATEST TRANSACTION
control field 20221202105608.0
008 - FIXED-LENGTH DATA ELEMENTS--GENERAL INFORMATION
fixed length control field 131103s9999 xx 000 0 und d
040 ## - CATALOGING SOURCE
Original cataloging agency Loreto College
041 ## - LANGUAGE CODE
Language code English
082 ## - DDC | ডিউই
Classification number | বর্গসংখ্যা 811
Book Number | গ্রন্থাঙ্ক GUS
245 ## - TITLE STATEMENT | অাখ্যা বিবরণী
Title | অাখ্যা Anthology of Candian poetry
Sub title | উপঅাখ্যা (English)
Statement of responsibility | লেখকের দায়িত্বের বিবরণ Compiled by Ralph Gustafson
260 ## - IMPRINT | প্রকাশনা ক্ষেত্র
Place of publication | প্রকাশ স্থান New York
Name of publisher | প্রকাশকের নাম Penguin Books
Date of publication | প্রকাশ কাল 1942
300 ## - PHYSICAL DESCRIPTION |
Page / Vol. No | পৃষ্ঠা / খন্ড সংখ্যা xvi,123 p.
440 ## - SERIES STATEMENT |গ্রন্থমালা
Series Title | গ্রন্থমালা অাখ্যা Pelican Books
504 ## - BIBLIOGRAPHY, ETC. NOTE
Bibliography, etc Includes index
650 ## - SUBJECT ADDED ENTRY--TOPICAL TERM | বিষয় শিরোনাম - মূল বিষয়
Topical term | মূল বিষয় Canadian (English) Poetry - Collections
700 ## - ADDED ENTRY--PERSONAL NAME | অতিরিক্ত সংলেখ - ব্
Personal name | ব্যাক্তিনাম Gustafson, Ralph,comp.
850 ## - HOLDING INSTITUTION
Holding institution LCLIB
942 ## - ADDED ENTRY ELEMENTS (KOHA)
Koha item type Books
Holdings
Withdrawn status Lost status Source of classification Damaged status Not for loan Home library Current library Date acquired Total Checkouts Full call number Accession No. Date last seen Price effective from Koha item type Coded location qualifier
    Dewey Decimal Classification     Loreto College Loreto College 04/11/2013   811 GUS B12051 04/11/2013 04/11/2013 Books